<?xml version="1.0" encoding="UTF-8"?>
<collection xmlns:xsi="http://www.w3.org/2001/XMLSchema-instance" xsi:schemaLocation="http://www.loc.gov/MARC21/slim http://www.loc.gov/standards/marcxml/schema/MARC21slim.xsd" xmlns="http://www.loc.gov/MARC21/slim">
 <record>
  <leader>00000nam a22000004a 4500</leader>
  <controlfield tag="001">UP-8027390931311497882</controlfield>
  <controlfield tag="003">Buklod</controlfield>
  <controlfield tag="005">20250520143717.0</controlfield>
  <controlfield tag="006">m    |o  d |      </controlfield>
  <controlfield tag="007">ta</controlfield>
  <controlfield tag="008">250520s2003    ph a    rbc  |00| 0|eng d</controlfield>
  <datafield tag="020" ind1=" " ind2=" ">
   <subfield code="a">9718551336</subfield>
  </datafield>
  <datafield tag="037" ind1=" " ind2=" ">
   <subfield code="a">BG-18339</subfield>
   <subfield code="b">Gift- David B. Baradas</subfield>
  </datafield>
  <datafield tag="040" ind1=" " ind2=" ">
   <subfield code="a">DLC</subfield>
   <subfield code="d">BAG</subfield>
   <subfield code="e">rda</subfield>
  </datafield>
  <datafield tag="041" ind1="0" ind2=" ">
   <subfield code="a">eng</subfield>
  </datafield>
  <datafield tag="090" ind1=" " ind2="0">
   <subfield code="a">DS 661</subfield>
   <subfield code="b">P36 2003</subfield>
  </datafield>
  <datafield tag="245" ind1="0" ind2="0">
   <subfield code="a">Pang-alay</subfield>
   <subfield code="b">ritual pottery in ancient Philippines</subfield>
   <subfield code="c">editor, Cynthia Ongpin Valdes ; contributors, Wilfredo P. Ronquillo [and nine others].</subfield>
  </datafield>
  <datafield tag="246" ind1="3" ind2="0">
   <subfield code="a">Ritual pottery in ancient Philippines.</subfield>
  </datafield>
  <datafield tag="264" ind1=" " ind2="1">
   <subfield code="a">Ayala, Makati City</subfield>
   <subfield code="b">Ayala Foundation, Inc. in cooperation with the Oriental Ceramic Society of the Philippines</subfield>
   <subfield code="c">[2003]</subfield>
  </datafield>
  <datafield tag="300" ind1=" " ind2=" ">
   <subfield code="a">142 pages</subfield>
   <subfield code="b">illustrations (some color), maps</subfield>
   <subfield code="c">28 cm</subfield>
  </datafield>
  <datafield tag="336" ind1=" " ind2=" ">
   <subfield code="a">text</subfield>
   <subfield code="2">rdacontent</subfield>
  </datafield>
  <datafield tag="337" ind1=" " ind2=" ">
   <subfield code="a">unmediated</subfield>
   <subfield code="2">rdamedia</subfield>
  </datafield>
  <datafield tag="338" ind1=" " ind2=" ">
   <subfield code="a">volume</subfield>
   <subfield code="2">rdacarrier</subfield>
  </datafield>
  <datafield tag="500" ind1=" " ind2=" ">
   <subfield code="a">Published in conjunction with the exhibition Pang-alay: Ritual Pottery in Ancient Philippines, March 24 - August 16, 2003 in Ayala Museum, Makati City.</subfield>
  </datafield>
  <datafield tag="504" ind1=" " ind2=" ">
   <subfield code="a">Includes bibliographical references.</subfield>
  </datafield>
  <datafield tag="505" ind1="0" ind2=" ">
   <subfield code="a">Foreword / Florina H. Capistrano-Baker -- Preface / Susan McGee -- Acknowledgments / Cynthia Ongpin Valdes -- Introduction / Cynthia Ongpin Valdes -- Philippine Earthenware Pottery: An Overview / Wilfredo P. Ronquillo -- Jar Burials: Abode of the Ancestral Spirits / Amalia A. de la Torre -- Ulilang Bundok: Secondary Jar Burials at Calatagan / Amalia A. de la Torre -- Fox's Calatagan and its Earthenware Complexes / Cynthia Ongpin Valdes -- A Second Glance at the Calatagan Pot / Eusebio Z. Dizon -- Batangas Pottery and the Laurel Site / Cynthia Ongpin Valdes -- Islas de Higantes: An Enigma / Edwin R. Bautista -- Tabon Update / Angel P. Bautista -- At Maitum: After the Heads / Jose Maria P. Trenas -- The Men and Women of Maitum / Nida T. Cuevas -- Of Earthenware, Ancestors, Gods and the Living / Grace Barretto -- Manila Ware Re-examined / Esperanza Bunag Gatbonton -- Catalogue -- A Summing Up / Cynthia Ongpin Valdes.</subfield>
  </datafield>
  <datafield tag="650" ind1=" " ind2="0">
   <subfield code="a">Pottery</subfield>
   <subfield code="z">Philippines.</subfield>
   <subfield code="v">Catalogs.</subfield>
  </datafield>
  <datafield tag="650" ind1=" " ind2="0">
   <subfield code="a">Rites and ceremonies</subfield>
   <subfield code="z">Philippines</subfield>
   <subfield code="v">Catalogs.</subfield>
  </datafield>
  <datafield tag="651" ind1=" " ind2="0">
   <subfield code="a">Philippines</subfield>
   <subfield code="x">Antiquities</subfield>
   <subfield code="v">Catalogs.</subfield>
  </datafield>
  <datafield tag="700" ind1="1" ind2=" ">
   <subfield code="a">Ronquillo, Wilfredo P.</subfield>
   <subfield code="e">contributor.</subfield>
  </datafield>
  <datafield tag="700" ind1="1" ind2=" ">
   <subfield code="a">De La Torre, Amalia A.</subfield>
   <subfield code="e">contributor.</subfield>
  </datafield>
  <datafield tag="700" ind1="1" ind2=" ">
   <subfield code="a">Valdes, Cynthia Ongpin</subfield>
   <subfield code="e">contributor.</subfield>
  </datafield>
  <datafield tag="700" ind1="1" ind2=" ">
   <subfield code="a">Dizon, Eusebio Z.</subfield>
   <subfield code="e">contributor.</subfield>
  </datafield>
  <datafield tag="700" ind1="1" ind2=" ">
   <subfield code="a">Bautista, Edwin R.</subfield>
   <subfield code="e">contributor.</subfield>
  </datafield>
  <datafield tag="700" ind1="1" ind2=" ">
   <subfield code="a">Bautista, Angel P.</subfield>
   <subfield code="e">contributor.</subfield>
  </datafield>
  <datafield tag="700" ind1="1" ind2=" ">
   <subfield code="a">Trenas, Jose Maria P.</subfield>
   <subfield code="e">contributor.</subfield>
  </datafield>
  <datafield tag="700" ind1="1" ind2=" ">
   <subfield code="a">Cuevas, Nida T.</subfield>
   <subfield code="e">contributor.</subfield>
  </datafield>
  <datafield tag="700" ind1="1" ind2=" ">
   <subfield code="a">Barretto, Grace</subfield>
   <subfield code="e">contributor.</subfield>
  </datafield>
  <datafield tag="700" ind1="1" ind2=" ">
   <subfield code="a">Gatbonton, Esperanza Bunag</subfield>
   <subfield code="e">contributor.</subfield>
  </datafield>
  <datafield tag="710" ind1="2" ind2=" ">
   <subfield code="a">Oriental Ceramic Society of the Philippines</subfield>
   <subfield code="e">curator</subfield>
   <subfield code="e">organizer.</subfield>
  </datafield>
  <datafield tag="905" ind1=" " ind2=" ">
   <subfield code="a">FI</subfield>
  </datafield>
  <datafield tag="852" ind1="0" ind2=" ">
   <subfield code="a">UPBAG</subfield>
   <subfield code="b">UPBAG-MAIN</subfield>
   <subfield code="h">DS 661</subfield>
   <subfield code="i">P36 2003</subfield>
  </datafield>
  <datafield tag="942" ind1=" " ind2=" ">
   <subfield code="a">Book</subfield>
  </datafield>
 </record>
</collection>
